=LDR 00000nam 2200000 4500 =001 INLIS000000000039633 =005 20130612145241 =008 ***********************************ind** =035 ##$$0010-061300000039633 =041 ##$$a ind =082 ##$$a 813 =090 ##$$a 813, Mar t =100 ##$$a Martini Steve =245 ##$$a Double Tap, Tembakan Ganda, Steve Martini; Alih Bahasa, Julanda Tantani =260 ##$$a 2010 $b Jakarta =700 ##$$a Tantani, Julanda =850 ##$$a NBPNMAT